[Event "Olomouc Chess Summer 2017 - Open Olomou"]
[Site "Olomouc (CZE), Hotel Flora"]
[Date "2017.08.18"]
[Round "8"]
[White "Steiner, Bruno"]
[Black "Lakunza Plazaola, Asier"]
[Result "1/2-1/2"]
[WhiteElo "2185"]
[BlackElo "2006"]
[PlyCount "91"]
[EventDate "2017.08.12"]

1. d4 Nf6 2. c4 g6 3. Nc3 Bg7 4. e4 d6 5. h3 O-O 6. Be3 c5 7. e5 Nfd7 8. exd6
exd6 9. Nf3 Nc6 10. Qd2 cxd4 11. Nxd4 Nc5 12. Be2 Qa5 13. O-O Na4 14. Nxc6 bxc6
15. Nxa4 Qxa4 16. Bd4 Bxd4 17. Qxd4 d5 18. Rfd1 Be6 19. b3 Qb4 20. cxd5 Qxd4
21. Rxd4 Rfd8 22. Rad1 Rxd5 23. Bc4 Rxd4 24. Rxd4 Bxc4 25. Rxc4 Rc8 26. Kf1 Kf8
27. Ke2 Ke7 28. Kd3 Rc7 29. Rh4 h5 30. Kc4 c5 31. Rf4 Ke6 32. h4 Ke5 33. Rf3 f6
34. Rd3 g5 35. Rd5+ Kf4 36. a4 Re7 37. Rd6 Kf5 38. hxg5 fxg5 39. Rd2 Rc7 40. a5
h4 41. Rd8 g4 42. Rf8+ Kg5 43. Rg8+ Kf5 44. Rh8 Kg5 45. Rg8+ Kf4 46. Rh8
1/2-1/2

[Event "Olomouc Chess Summer 2017 - Open Olomou"]
[Site "Olomouc (CZE), Hotel Flora"]
[Date "2017.08.18"]
[Round "8"]
[White "Narendran, Gouthaman"]
[Black "Baasansuren, Erdene"]
[Result "1/2-1/2"]
[WhiteElo "1952"]
[BlackElo "2169"]
[PlyCount "54"]
[EventDate "2017.08.12"]

1. e4 c5 2. Nf3 d6 3. d4 cxd4 4. Nxd4 Nf6 5. Nc3 a6 6. Bg5 Nbd7 7. Bc4 e6 8.
O-O Nc5 9. Re1 Be7 10. b4 Qc7 11. Bxf6 Bxf6 12. Ndb5 axb5 13. Nxb5 Qb6 14.
Nxd6+ Kf8 15. e5 Na4 16. exf6 gxf6 17. Bb3 Qc6 18. Bxa4 Rxa4 19. Nxc8 Qxc8 20.
Qd6+ Kg7 21. Re3 Rg8 22. Qe7 Qd8 23. Rg3+ Kh6 24. Rh3+ Kg7 25. Rg3+ Kh6 26.
Rh3+ Kg7 27. Rg3+ Kh6 1/2-1/2

[Event "Olomouc Chess Summer 2017 - Open Olomou"]
[Site "Olomouc (CZE), Hotel Flora"]
[Date "2017.08.18"]
[Round "8"]
[White "Zhuk, Kirill"]
[Black "Schmid, Thomas"]
[Result "0-1"]
[WhiteElo "1778"]
[BlackElo "2127"]
[PlyCount "140"]
[EventDate "2017.08.12"]

1. e4 c5 2. Nf3 d6 3. c3 Nf6 4. Be2 Nbd7 5. Qc2 Qc7 6. c4 Ne5 7. Nxe5 dxe5 8.
Nc3 e6 9. d3 a6 10. O-O Bd6 11. Bd2 O-O 12. a4 Bd7 13. a5 Bc6 14. Na4 Nd7 15.
Rfb1 f5 16. f3 Kh8 17. Qc1 Rad8 18. Bg5 Rde8 19. Nc3 Nb8 20. Bd1 Qf7 21. Ba4 f4
22. Bh4 Rg8 23. Bf2 g5 24. h3 h5 25. Kf1 Bxa4 26. Nxa4 g4 27. hxg4 hxg4 28. Ke2
Rg7 29. Qc3 Nc6 30. Nxc5 gxf3+ 31. gxf3 Bxc5 32. Rh1+ Kg8 33. Bxc5 Rg2+ 34. Kf1
Qg7 35. Qe1 Kf7 36. Qh4 Rg8 37. Qh5+ Qg6 38. Qxg6+ R8xg6 39. Rg1 Rxb2 40. Rxg6
Kxg6 41. Bb6 Nd4 42. Bxd4 exd4 43. Ke1 Kg5 44. c5 Kh4 45. e5 Kg3 46. Ra4 Kxf3
47. Rxd4 Re2+ 48. Kf1 Rxe5 49. Rc4 Rd5 50. Rc3 Ke3 51. c6 bxc6 52. Rxc6 e5 53.
Rxa6 Rxd3 54. Rc6 Rd1+ 55. Kg2 f3+ 56. Kg3 Rg1+ 57. Kh2 f2 58. Rc3+ Kd4 59. Rf3
f1=Q 60. Rxf1 Rxf1 61. a6 Ra1 62. a7 Rxa7 63. Kg3 Rf7 64. Kg4 e4 65. Kg3 e3 66.
Kg2 e2 67. Kh2 e1=R 68. Kg2 Re8 69. Kg1 Rg8+ 70. Kh2 Rh7# 0-1

[Event "Olomouc Chess Summer 2017 - Open Olomou"]
[Site "Olomouc (CZE), Hotel Flora"]
[Date "2017.08.18"]
[Round "8"]
[White "Leite Oralova, Catarina"]
[Black "Szotkowski, David"]
[Result "1-0"]
[WhiteElo "2164"]
[BlackElo "1883"]
[PlyCount "89"]
[EventDate "2017.08.12"]

1. e4 c5 2. Nc3 e6 3. g3 Nc6 4. Bg2 Nge7 5. d3 g6 6. Be3 d6 7. Qd2 Bg7 8. Bh6
Bxh6 9. Qxh6 Bd7 10. Qg7 Rg8 11. Qh6 Qb6 12. Nd1 O-O-O 13. Nf3 f5 14. O-O Kb8
15. Ng5 Qc7 16. a4 fxe4 17. dxe4 Bc8 18. Ne3 d5 19. Rad1 d4 20. Nc4 e5 21. Bh3
Rde8 22. Be6 Rgf8 23. Bxc8 Nxc8 24. Qxh7 Qxh7 25. Nxh7 Rh8 26. Ng5 a6 27. a5
Kc7 28. f4 Rhf8 29. fxe5 Rxf1+ 30. Rxf1 Nxe5 31. Nxe5 Rxe5 32. Rf7+ Ne7 33. h4
c4 34. Kf2 Kd6 35. Rf6+ Kc7 36. Re6 Nc6 37. Rxe5 Nxe5 38. Ne6+ Kd6 39. Nxd4 Kc5
40. Ke3 Ng4+ 41. Kf4 Nf2 42. Ne6+ Kd6 43. Nf8 Nd1 44. Nxg6 Ke6 45. h5 1-0

[Event "Olomouc Chess Summer 2017 - Open Olomou"]
[Site "Olomouc (CZE), Hotel Flora"]
[Date "2017.08.18"]
[Round "8"]
[White "Izquierdo Arruferia, Joseba"]
[Black "Fogel, Pierre"]
[Result "1/2-1/2"]
[WhiteElo "1912"]
[BlackElo "2106"]
[PlyCount "66"]
[EventDate "2017.08.12"]

1. e4 c5 2. Nf3 e6 3. Qe2 Nc6 4. g3 g6 5. Bg2 Bg7 6. O-O Nge7 7. d3 O-O 8. c3
d6 9. Na3 Re8 10. Nc2 e5 11. Be3 b6 12. d4 Bb7 13. dxe5 dxe5 14. Rad1 Qc7 15.
Rd2 Rad8 16. Rfd1 Rxd2 17. Rxd2 Rd8 18. Rxd8+ Qxd8 19. Qd2 Qxd2 20. Nxd2 Bc8
21. Bf1 Be6 22. b3 Kf8 23. Bc4 Bxc4 24. Nxc4 Nc8 25. Kf1 Ke7 26. Ke2 Ke6 27.
Nd2 Bf8 28. Nf3 f6 29. Nd2 Nd6 30. f3 Be7 31. Bf2 Bd8 32. Be3 h5 33. h3 Bc7
1/2-1/2

[Event "Olomouc Chess Summer 2017 - Open Olomou"]
[Site "Olomouc (CZE), Hotel Flora"]
[Date "2017.08.18"]
[Round "8"]
[White "Ochman, Tomas"]
[Black "Vitak, Jiri"]
[Result "0-1"]
[WhiteElo "1853"]
[BlackElo "2086"]
[PlyCount "42"]
[EventDate "2017.08.12"]

1. Nf3 d5 2. c4 e6 3. e3 Nf6 4. Nc3 c6 5. Ne5 Nbd7 6. f4 Nxe5 7. fxe5 Nd7 8. d4
dxc4 9. Bxc4 Nxe5 10. Bb3 Ng6 11. O-O Be7 12. Qh5 O-O 13. Ne4 b6 14. Bd2 Bb7
15. Rxf7 Rxf7 16. Bxe6 Ba6 17. Qf5 Qe8 18. Ng3 Kf8 19. Qh3 Kg8 20. Qf5 Nf8 21.
Rc1 Nxe6 0-1

[Event "Olomouc Chess Summer 2017 - Open Olomou"]
[Site "Olomouc (CZE), Hotel Flora"]
[Date "2017.08.18"]
[Round "8"]
[White "Ochmann, Reimund"]
[Black "Fischer, Erik"]
[Result "0-1"]
[WhiteElo "2049"]
[BlackElo "1937"]
[PlyCount "102"]
[EventDate "2017.08.12"]

1. e4 c5 2. c3 Nf6 3. e5 Nd5 4. d4 cxd4 5. cxd4 d6 6. Nf3 Nc6 7. exd6 Qxd6 8.
Nc3 Bg4 9. Be2 e6 10. O-O Be7 11. a3 O-O 12. Be3 Rfd8 13. Qd2 Rac8 14. Nxd5
Qxd5 15. h3 Bh5 16. b4 a6 17. Rac1 b5 18. Qb2 Bg6 19. Rfd1 Be4 20. Ne1 Bf6 21.
Bf3 Bxf3 22. Nxf3 Ne7 23. Qd2 Qb7 24. Bg5 Bxg5 25. Qxg5 h6 26. Qh4 Nf5 27. Qf4
Rc4 28. Rxc4 bxc4 29. Ne5 Qd5 30. Nf3 Rc8 31. g4 g5 32. Qc1 Qxf3 33. gxf5 Qxf5
34. Qc3 Kh7 35. a4 h5 36. Kf1 g4 37. hxg4 Qxg4 38. Re1 h4 39. Qc2+ Qg6 40. Re4
Kg8 41. Qe2 Qh6 42. d5 h3 43. Rg4+ Kf8 44. Qe5 exd5 45. Qf5 Qc1+ 46. Ke2 Re8+
47. Kf3 h2 48. Rg2 h1=Q 49. Qf6 Qcd1+ 50. Kg3 Qd3+ 51. f3 Qg6+ 0-1

[Event "Olomouc Chess Summer 2017 - Open senior"]
[Site "Olomouc (CZE), Hotel Flora"]
[Date "2017.08.18"]
[Round "8"]
[White "Oral, Josef"]
[Black "Trojan, Lubos"]
[Result "0-1"]
[WhiteElo "1827"]
[BlackElo "1989"]
[PlyCount "152"]
[EventDate "2017.08.12"]

1. e4 e6 2. d4 d5 3. exd5 exd5 4. Nf3 Bg4 5. h3 Bh5 6. Bd3 Bd6 7. O-O Nc6 8. c3
Nge7 9. Be3 O-O 10. Bxh7+ Kh8 11. Bd3 Qc8 12. Re1 f5 13. Bg5 Ng6 14. Nbd2 Bf4
15. Qb3 Qd7 16. Bb5 Bxd2 17. Nxd2 f4 18. Bd3 f3 19. Qd1 Nf4 20. Bxf4 Rxf4 21.
Re3 Raf8 22. Kh2 Qf7 23. g3 Rf6 24. Qg1 Rh6 25. g4 Bg6 26. Bxg6 Qxg6 27. Qg3
Qc2 28. Nxf3 Qxb2 29. Rae1 Rhf6 30. R1e2 Qa3 31. Kg2 Qd6 32. Ne5 Kg8 33. g5 Rf4
34. g6 Nxe5 35. Rxe5 R4f6 36. Rg5 Qxg3+ 37. Rxg3 b6 38. f3 c5 39. Re5 cxd4 40.
cxd4 Rc8 41. Re2 Kf8 42. h4 Rc4 43. Rg4 Rc3 44. Rf2 Rd3 45. Kg3 Rf5 46. Kg2 Ke7
47. Kg3 Kf6 48. Kg2 Rh5 49. Re2 Rf5 50. Re8 Rdxf3 51. Rf8+ Ke6 52. Rxf5 Rxf5
53. Kg3 Kf6 54. Kg2 Rh5 55. Kg3 a6 56. Kf4 Rh6 57. a3 b5 58. Kf3 Rxg6 59. Rf4+
Ke7 60. Rf5 Rf6 61. Kg4 Rxf5 62. Kxf5 a5 63. Ke5 b4 64. axb4 axb4 65. Kxd5 b3
66. Kc6 Kd8 67. Kd6 b2 68. Ke6 b1=Q 69. Ke5 g6 70. Kd5 Kd7 71. Kc5 Qb7 72. d5
Qa7+ 73. Kc4 Kd6 74. Kb5 Kxd5 75. h5 Qb7+ 76. Ka4 Kc4 0-1

[Event "Olomouc Chess Summer 2017 - Open senior"]
[Site "Olomouc (CZE), Hotel Flora"]
[Date "2017.08.18"]
[Round "8"]
[White "Stokes, Paul C"]
[Black "Spanton, Tim R"]
[Result "1-0"]
[WhiteElo "1871"]
[BlackElo "1836"]
[PlyCount "53"]
[EventDate "2017.08.12"]

1. e4 e5 2. Nc3 Nf6 3. f4 d5 4. fxe5 Nxe4 5. Qf3 Nxc3 6. bxc3 Be7 7. d4 O-O 8.
Bd3 f6 9. Qh5 g6 10. Bxg6 hxg6 11. Qxg6+ Kh8 12. Nf3 Qe8 13. Qh6+ Kg8 14. O-O
Bf5 15. Nh4 Bh3 16. Nf5 Bxf5 17. Rxf5 Qf7 18. exf6 Bxf6 19. Ba3 Bxd4+ 20. cxd4
Qxf5 21. Bxf8 Qxf8 22. Qg5+ Kh7 23. Rf1 Qe8 24. Qh4+ Kg7 25. Rf3 Nc6 26. Qf6+
Kh7 27. Rh3+ 1-0

[Event "Olomouc Chess Summer 2017 - Open senior"]
[Site "Olomouc (CZE), Hotel Flora"]
[Date "2017.08.18"]
[Round "8"]
[White "Koci, Ladislav"]
[Black "Zdrazil, Bohumir"]
[Result "0-1"]
[WhiteElo "1821"]
[BlackElo "1869"]
[PlyCount "118"]
[EventDate "2017.08.12"]

1. d4 Nf6 2. Nf3 e6 3. c4 b6 4. g3 Bb7 5. Bg2 Bb4+ 6. Nbd2 O-O 7. O-O d5 8.
cxd5 exd5 9. Ne5 Re8 10. Ndf3 Nbd7 11. Bg5 h6 12. Bxf6 Nxf6 13. Qb3 Bd6 14.
Rac1 Rc8 15. Bh3 Rb8 16. Bf5 c5 17. e3 Ne4 18. Bxe4 Bxe5 19. Bb1 Bd6 20. Qd3 g6
21. Nh4 Re6 22. f4 c4 23. Qe2 Be7 24. f5 Rd6 25. fxg6 Bxh4 26. gxf7+ Kf8 27.
gxh4 Rf6 28. Rxf6 Qxf6 29. Rf1 Qg7+ 30. Qg2 Qxg2+ 31. Kxg2 Kg7 32. h5 Rf8 33.
Bg6 Bc8 34. Kg3 Be6 35. Kf4 Bxf7 36. Ke5 Re8+ 37. Kd6 Re6+ 38. Kd7 Bg8 39. Rf3
b5 40. Bf5 Rf6 41. Rg3+ Kf8 42. Rf3 Be6+ 43. Kd6 Rxf5 44. Rxf5+ Bxf5 45. Kxd5
Bd3 46. a3 a5 47. Kc5 Ke7 48. e4 Kd7 49. d5 Kd8 50. e5 Be2 51. e6 Bf1 52. d6
Be2 53. d7 Kc7 54. Kd4 b4 55. axb4 axb4 56. Ke5 c3 57. bxc3 bxc3 58. Kf6 Kd8
59. Ke5 Bb5 0-1

[Event "Olomouc Chess Summer 2017 - Open senior"]
[Site "Olomouc (CZE), Hotel Flora"]
[Date "2017.08.18"]
[Round "8"]
[White "Vlkovic, Pavol"]
[Black "Skielnik, Joseph J"]
[Result "1/2-1/2"]
[WhiteElo "1806"]
[BlackElo "1849"]
[PlyCount "31"]
[EventDate "2017.08.12"]

1. e4 c6 2. d4 d5 3. Nc3 dxe4 4. Nxe4 Nf6 5. Nxf6+ exf6 6. Be3 Bf5 7. Bd3 Bxd3
8. Qxd3 Bd6 9. Ne2 Nd7 10. Qe4+ Kf8 11. O-O-O Qa5 12. Kb1 Re8 13. Qd3 h5 14. h4
g6 15. Nc1 Kg7 16. Nb3 1/2-1/2